000
00252nmm a2200085Ia 4500
008
220120s9999||||xx |||||||||||||||||und||
100
_a
Digit
245
0
_a
Keras, the sounds of space, games, MIT course, principles
260
_a
Coorg Institute of Technology
999
_c
140098
_d
140098